| 000 | 00450nam a2200181Ia 4500 | ||
|---|---|---|---|
| 005 | 20240823011630.0 | ||
| 008 | 240823s9999||||xx |||||||||||||| ||und|| | ||
| 082 | _A658.81 P2 | ||
| 100 | _aGupta S L | ||
| 245 | 0 | _aCases in Sales and Distribution Management | |
| 250 | _a1st | ||
| 260 |
_c2002 _b"Himalaya,Mumbai" |
||
| 500 | _aYES | ||
| 650 |
_aManagement _bManagement Studies |
||
| 700 | _a Rampal M K (ed) | ||
| 942 | _cBK | ||
| 999 |
_c162096 _d162096 |
||